000 00608nam a22002177a 4500
003 OSt
005 20260330032319.0
008 260330b |||||||| |||| 00| 0 eng d
020 _a8120720989
040 _aDWCL GS lib
_cOC
082 _aRes. 828 D499s 2009
100 _aDevraj, Venkat
245 _aThe Sterling Book of :
_bProse Compositions /
260 _aIndia
_bSterling Publishers
_cc2009.
300 _aviii, 128 pages:
_c22cm.
546 _aEnglish
650 _a Educational Non-Fiction
650 _aWriting Manual
650 _aEnglish Composition
942 _2ddc
_cBK-0 CIRC
_hRes.
_n0
999 _c9297
_d9297